| 000 | 00840ngm a2200229 a 4500 | ||
|---|---|---|---|
| 005 | 20210223120717.0 | ||
| 008 | 991125s1999 mx 076 aaspa u | ||
| 035 | _aUPN01000005941 | ||
| 049 | _aAV | ||
| 050 | 4 | _aPV1 P 0723 | |
| 245 | 0 | 0 |
_aBorges y yo / _cdir. David Wheatley ; tr. Norman Thomas Di Giovanni. |
| 260 |
_aMéxico : _bCanal 22 : _bCNCA, _c1999. |
||
| 300 |
_a1 videocasete (VHS) (76 min.) : _bson., col. |
||
| 440 | 0 | _aLiteratura | |
| 500 | _aTítulo del envase: Borges | ||
| 500 | _aTraductor y Narrador: Norman Thomas Di Giovanni | ||
| 520 | _aPelícula que muestra una entrevista realizada a Borges, además de mostrar diversos fragmentos de sus obras más notables | ||
| 600 | 1 | 4 |
_aBORGES, JORGE LUIS, _d1899-1986 |
| 650 | 4 |
_aLITERATURA ARGENTINA _95070 |
|
| 700 | 1 |
_aWheatley, David, _edir. |
|
| 905 | _aAudiovisuales | ||
| 999 |
_c5941 _d5941 |
||